| 000 | 00992nam0a22002291 4500 | ||
|---|---|---|---|
| 001 | rc\4444862 | ||
| 005 | 20260406200743.0 | ||
| 035 | _a(NLR Aleph) 008317577 | ||
| 090 |
_a8736579 _c8736579 |
||
| 100 | _a20130416a19599999|||y0rusy50 ca | ||
| 101 | 0 | _arus | |
| 102 | _aRU | ||
| 105 | _ay z ||||| | ||
| 200 | 1 |
_a[Издания] _eВып. 2- _fАкад. наук Литовской ССР. Ин-т физики и математики |
|
| 210 |
_aВильнюс _cГосиздат полит. и науч. лит. Литовской ССР _d1959- |
||
| 710 | 0 | 2 |
_aИнститут физики и математики _cВильнюс _3RU\NLR\AUTH\889960301 _9416849 |
| 801 | 0 |
_aRU _bNLR _gpsbo |
|
| 801 | 1 |
_aRU _bELAR _2rusmarc |
|
| 830 | _aПеречень имеющихся в библиотеке томов, номеров, годов этого издания смотри в каталоге периодических изданий | ||
| 852 |
_aNLR _jП7/807 |
||
| 942 | _cBOOK | ||
| 980 | _aNB | ||